Państwo po Święcie Niepodległości - Statystyki

Ogólne statystyki
  • Ten quiz został rozwiązany 20 razy
  • Średni wynik to 3 z 15
Statystyki odpowiedzi
Data Państwo % Poprawnych
11 listopada Polska
100%
4 lipca Stany Zjednoczone
75%
1 stycznia Czechy
44%
25 marca Grecja
31%
24 lutego Estonia
25%
3 lipca Białoruś
19%
15 lutego Serbia
19%
16 grudnia Kazachstan
13%
28 lipca Peru
13%
4 lutego Sri Lanka
6%
28 maja Azerbejdżan
0%
12 czerwca Filipiny
0%
3 września Katar
0%
26 czerwca Madagaskar
0%
1 października Nigeria
0%
Nie znaleziono quizów pasujących do podanych kryteriów
Rozkład punktacji
Procent ludzi z każdym wynikiem
Percentyl według liczby udzielonych odpowiedzi
Twoja historia wyników
Nie rozwiązałeś tego quizu